[Event "FRA-chT3 Gr5 "]
[Site "Bretagne"]
[Date "2006.??.??"]
[Round "8.7"]
[White "Domelevo Entfellner, Jean Baka"]
[Black "Michel, Fabien"]
[Result "1-0"]
[WhiteElo "1760"]
[BlackElo "1936"]
[PlyCount "83"]
[EventDate "2006.??.??"]
[EventType "team"]
[EventRounds "9"]
[EventCountry "FRA"]
[SourceTitle "EXT 2007"]
[Source "ChessBase"]
[SourceDate "2006.11.23"]
[SourceVersion "1"]
[SourceVersionDate "2006.11.23"]
[SourceQuality "1"]
[WhiteTeam "Rennes Paul Bert II"]
[BlackTeam "Guingamp II"]
[WhiteTeamCountry "FRA"]
[BlackTeamCountry "FRA"]

1. c4 Nf6 2. d4 g6 3. Nc3 Bg7 4. g3 d6 5. Nf3 0-0 6. Bg2 Nbd7 7. Rb1 Nh5 8. g4 Nhf6 9. h3 c5 10. d5 Nb6 11. Nd2 Nfd7 12. Qc2 Ne5 13. b3 f5 14. f4 Nf7 15. g5 e5 16. dxe6 Bxe6 17. Bxb7 Rb8 18. Bg2 Nxg5 19. fxg5 Qxg5 20. Kf1 Qe3 21. Nd1 Qg3 22. Qd3 f4 23. Nf3 Rbe8 24. Qd2 Bf5 25. Rb2 Re6 26. Qxf4 Qxf4 27. Bxf4 Bxb2 28. Nxb2 Bb1 29. Bh6 Rfe8 30. e3 Bxa2 31. Nd2 Re5 32. h4 d5 33. Ke2 Bxb3 34. Nxb3 dxc4 35. Na5 c3 36. Nbc4 Rf5 37. Nd6 Rd8 38. Nxf5 Rd2+ 39. Kf3 gxf5 40. Rc1 Ra2 41. Nb3 c4 42. Nd4 1-0

[Event "FRA-chT4 0405"]
[Site "Bretagne"]
[Date "2005.01.09"]
[Round "4"]
[White "Domelevo Entfellner, Jean Baka"]
[Black "Le Duigou, Jean Guy"]
[Result "0-1"]
[WhiteElo "1790"]
[BlackElo "2010"]
[PlyCount "68"]
[EventDate "2004.04.03"]
[EventType "team"]
[EventRounds "7"]
[EventCountry "FRA"]
[SourceTitle "EXT 2007"]
[Source "ChessBase"]
[SourceDate "2006.11.23"]
[SourceVersion "1"]
[SourceVersionDate "2006.11.23"]
[SourceQuality "1"]

1. c4 Nf6 2. d4 e6 3. Nc3 Bb4 4. g3 c5 5. e3 0-0 6. Nge2 d5 7. Qd3 Nc6 8. Bg2 cxd4 9. exd4 dxc4 10. Qxc4 Bd7 11. 0-0 Be7 12. a3 Rc8 13. Qd3 Na5 14. b4 Nb3 15. Bxb7 Rb8 16. Bf4 Rxb7 17. Rab1 a5 18. Rxb3 axb4 19. Rfb1 Qa5 20. Qf3 Qa6 21. axb4 Bc6 22. Qe3 Nd5 23. Nxd5 Bxd5 24. R3b2 Rc8 25. f3 Rc4 26. b5 Qb6 27. Kg2 Bf6 28. Ra2 Rc8 29. Ra6 Qxa6 30. bxa6 Rxb1 31. a7 Rb3 32. Qf2 Rc2 33. Bc1 Rxf3 34. Qxf3 Rxe2+ 0-1